Music Quiz

Random Music or Song Quiz

Guess the Britney Spears Song Quiz Stats

 Plays Quiz not verified by Sporcle

Score 0/199 Timer 10:00
0 Plays Today
% Correct
The
87.6%
the
87.6%
and
87.6%
the
87.6%
a
87.6%
a
87.6%
the
87.6%
the
87.6%
the
87.6%
a
87.6%
a
87.6%
the
87.6%
and
87.6%
a
87.6%
the
87.6%
the
87.6%
the
87.6%
the
87.6%
a
87.6%
a
87.6%
a
87.6%
a
87.6%
and
87.6%
a
87.6%
a
87.6%
the
87.6%
a
87.6%
a
87.6%
you
85.1%
you
85.1%
you
85.1%
me
83%
me
83%
me
83%
me
83%
me
83%
me
83%
baby
80.5%
baby
80.5%
on
74.8%
on
74.8%
on
74.8%
on
74.8%
on
74.8%
to
73.3%
in
68%
in
68%
we
66%
be
65.9%
be
65.9%
it
65.3%
it
65.3%
do
64.2%
of
62.8%
of
62.8%
of
62.8%
of
62.8%
So
61.8%
so
61.8%
my
61.5%
my
61.5%
go
61.5%
I'm
61.4%
I'm
61.4%
I'm
61.4%
I'm
61.4%
I'm
61.4%
% Correct
I'm
61.4%
I'm
61.4%
is
60.6%
can
60.5%
can
60.5%
can
60.5%
that
60%
that
60%
that
60%
that
60%
that
60%
that
60%
that
60%
like
58.8%
like
58.8%
like
58.8%
like
58.8%
like
58.8%
like
58.8%
like
58.8%
like
58.8%
like
58.8%
just
57.6%
just
57.6%
just
57.6%
there
57.2%
there
57.2%
girl
56.6%
When
55.9%
when
55.9%
when
55.9%
All
54.5%
are
53.4%
what
53.3%
Don't
53.1%
Don't
53.1%
I
53%
I
53%
I
53%
I
53%
I
53%
I
53%
I
53%
I
53%
I
53%
I
53%
circus
52.9%
circus
52.9%
circus
52.9%
ring
50.9%
world
50.7%
two
50.4%
two
50.4%
make
50.3%
make
50.3%
make
50.3%
only
50.2%
only
50.2%
show
49.8%
show
49.8%
show
49.8%
show
49.8%
people
49%
eyes
47.9%
There's
47.8%
There's
47.8%
center
47.5%
% Correct
put
47.2%
put
47.2%
put
47.2%
types
46.8%
types
46.8%
ones
46.7%
ones
46.7%
Ones
46.7%
ones
46.7%
hot
45.7%
hot
45.7%
feel
45.4%
feel
45.4%
with
45.4%
kind
45.1%
entertain
44.5%
out
44.3%
observe
44.2%
let
43.9%
call
43.3%
call
43.3%
shots
42.6%
firecracker
42.6%
shots
42.6%
firecracker
42.6%
ringleader
41.8%
ringleader
41.8%
Well
41%
first
40.8%
ready
40.7%
ready
40.7%
gon'
40.6%
everybody
40.5%
Everybody
40.5%
whip
40.2%
gotta
39.5%
backseat
39.1%
dancefloor
39.1%
dancefloor
39.1%
watching
39%
through
38.9%
Spotlight
38.9%
hope
38.9%
hope
38.9%
veins
38.8%
stage
38.8%
crack
38.5%
stand
38.4%
trip
38.2%
guys
38.2%
performer
38%
scared
38%
same
37.6%
adrenaline
37.5%
follow
36.7%
run
36.6%
hang
36%
Better
35.3%
break
34.6%
prepared
34%
came
33.9%
moving
33.4%
tight
32.9%
beware
32.6%
ship
31.1%

You're not logged in!

Compare scores with friends on all Sporcle quizzes.
OR
Log In

Show Comments

Extras

Top Quizzes Today


Score Distribution

Your Account Isn't Verified!

In order to create a playlist on Sporcle, you need to verify the email address you used during registration. Go to your Sporcle Settings to finish the process.

Report this User

Report this user for behavior that violates our Community Guidelines.

Details: